| 000 | 00993nam a22003137a 4500 | ||
|---|---|---|---|
| 999 |
_c200453733 _d71945 |
||
| 001 | 200453733 | ||
| 003 | TR-AnTOB | ||
| 005 | 20230801134537.0 | ||
| 007 | ta | ||
| 008 | 230801s2009 tu a|||j |||| 00| j tur d | ||
| 020 | _a9789754990689 | ||
| 040 |
_aTR-AnTOB _beng _erda _cTR-AnTOB |
||
| 041 | 0 | _atur | |
| 092 |
_a363.7 _bBUMo 2009 |
||
| 100 | 1 |
_aİpek, Ayşin Bumin _eauthor |
|
| 245 | 1 | 0 |
_aOrmanda neler olmuş? / _cAyşin Bumin ; Resimleyen: Nilgün Bayraktaroğlu. |
| 250 | _a4. baskı | ||
| 264 | 1 |
_aAnkara: _bKök Yayıncılık, _c2003. |
|
| 300 |
_a32 pages : _billustrations ; _c27 cm. |
||
| 336 |
_2rdacontent _atext _btxt |
||
| 337 |
_2rdamedia _aunmediated _bn |
||
| 338 |
_2rdacarrier _avolume _bnc |
||
| 490 | 0 | _aEğitsel Öyküler Serisi. | |
| 653 |
_aÇocuk edebiyatı _aÇocuk hikayeleri _aÇevre sorunları _aÇevre kirliliği _aEkoloji |
||
| 700 |
_aBayraktaroğlu, Nilgün _eillustrator |
||
| 942 |
_2ddc _cBK |
||